000 00724nam a22002177a 4500
003 OSt
005 20251202105627.0
008 251202b |||||||| |||| 00| 0 eng d
020 _a 971-550-466-3.
040 _aDWCL-Admin lib
_cOC
082 _aFil. 303.4 T121f 2004
100 _aTadiar, Neferti Xina M.
245 _a Fantasy-production :
_bsexual economies and other Philippine consequences for the new world order. /
_cNeferti Xina M. Tadiar
260 _aQuezon City :
_bADMU Press,
_cc2004
300 _a ix, 355 p. :
_bill. ;
_c23 cm.
504 _aIncludes index.
650 _a1. Globalization.
650 _a2. Social change-Philippines.
650 _a3. Social history.
942 _2ddc
_cBK - FIL
_kFil.
_n0
999 _c6704
_d6704